[Event "Neumarkt am Wallersee op 12th"]
[Site "Neumarkt am Wallersee"]
[Date "2013.08.30"]
[Round "7"]
[White "Seelinger, Lorenz"]
[Black "Pruell, Lukas"]
[Result "1-0"]
[WhiteElo "2180"]
[BlackElo "1964"]
[PlyCount "67"]
[EventDate "2013.08.24"]
[EventType "swiss"]
[EventRounds "9"]
[EventCountry "AUT"]
[SourceTitle "CBM 156 Extra"]
[Source "ChessBase"]
[SourceDate "2013.10.22"]
[SourceVersion "1"]
[SourceVersionDate "2013.10.22"]
[SourceQuality "1"]

1. e4 e5 2. Nf3 Nc6 3. Bb5 a6 4. Ba4 Nf6 5. d4 exd4 6. 0-0 Be7 7. Re1 b5 8. e5 Nxe5 9. Nxe5 bxa4 10. Qxd4 0-0 11. Qxa4 Rb8 12. a3 h6 13. Nc3 Bb7 14. Be3 Bd6 15. Qd4 Re8 16. Nc4 Be7 17. b4 d5 18. Ne5 Nd7 19. Nf3 Nb6 20. Qg4 Bf6 21. Bd4 Qd6 22. Qf5 Bxd4 23. Nxd4 Rbd8 24. Rad1 Nc4 25. b5 a5 26. a4 Bc8 27. Rxe8+ Rxe8 28. Qf3 Qe5 29. h3 Be6 30. Nc6 Qg5 31. Nxd5 Bxd5 32. Qxd5 Re1+ 33. Rxe1 Qxd5 34. Ne7+ 1-0

[Event "SVK-chT2D 1112"]
[Site "Slovakia"]
[Date "2011.11.06"]
[Round "4.2"]
[White "Veselovsky, Jan"]
[Black "Seelinger, Lorenz"]
[Result "1-0"]
[WhiteElo "2071"]
[BlackElo "2237"]
[PlyCount "79"]
[EventDate "2011.10.08"]
[EventType "team-tourn"]
[EventRounds "11"]
[EventCountry "SVK"]
[SourceTitle "EXT 2013"]
[Source "ChessBase"]
[SourceDate "2012.11.22"]
[SourceVersion "1"]
[SourceVersionDate "2012.11.22"]
[SourceQuality "1"]
[WhiteTeam "Zborov Magura"]
[BlackTeam "Kezmarok KdV II"]
[WhiteTeamCountry "SVK"]
[BlackTeamCountry "SVK"]

1. e4 e6 2. d4 d5 3. Nc3 Nf6 4. e5 Nfd7 5. f4 c5 6. Nf3 Nc6 7. Be3 cxd4 8. Nxd4 Bc5 9. Qd2 0-0 10. Be2 a6 11. 0-0 Nxd4 12. Bxd4 Qb6 13. Bxc5 Qxc5+ 14. Kh1 b5 15. Bd3 Bb7 16. Ne2 g6 17. c3 Rfc8 18. Rf3 a5 19. Rh3 Rc7 20. Qe1 b4 21. Qh4 Nf8 22. Rf1 bxc3 23. Nxc3 Ba6 24. Nd1 Bxd3 25. Rxd3 Qc4 26. Nf2 Rac8 27. h3 Nd7 28. Rdd1 Qxa2 29. Ng4 h5 30. Nf2 Kg7 31. Nd3 Qc4 32. Qg5 Qe4 33. Rfe1 Qa4 34. f5 exf5 35. Nf4 Rh8 36. e6 Nf8 37. Nxd5 Nxe6 38. Qf6+ Kh7 39. Nxc7 Nxc7 40. Qxf7+ 1-0

[Event "Tatry op"]
[Site "Tatranske Zruby"]
[Date "2011.09.28"]
[Round "5"]
[White "Knotek, Anton"]
[Black "Seelinger, Lorenz"]
[Result "0-1"]
[WhiteElo "1893"]
[BlackElo "2237"]
[PlyCount "80"]
[EventDate "2011.09.25"]
[EventType "swiss"]
[EventRounds "9"]
[EventCountry "SVK"]
[SourceTitle "CBM 144 Extra"]
[Source "ChessBase"]
[SourceDate "2011.10.28"]
[SourceVersion "1"]
[SourceVersionDate "2011.10.28"]
[SourceQuality "1"]

1. e4 g6 2. d4 Bg7 3. f4 c5 4. dxc5 Qa5+ 5. Bd2 Qxc5 6. Bc3 Nf6 7. Bd4 Qc7 8. e5 Nd5 9. Qd2 Nc6 10. Bf2 e6 11. c4 Nde7 12. Nc3 a6 13. Ne4 0-0 14. Nf3 f6 15. Bc5 fxe5 16. Bd6 Qd8 17. fxe5 Rxf3 18. gxf3 Nxe5 19. Be2 Nf5 20. 0-0-0 b5 21. cxb5 axb5 22. Kb1 Nc4 23. Bxc4 bxc4 24. Nc3 Bb7 25. Ne4 Qb6 26. Qb4 Qa6 27. a3 Bd5 28. Bc7 Qc6 29. Qb6 Bxe4+ 30. fxe4 Qxe4+ 31. Ka2 c3 32. bxc3 Qc4+ 33. Qb3 Qxc7 34. Rd3 Bf8 35. a4 Qc6 36. Kb2 Qxh1 37. Rxd7 Qxh2+ 38. Ka1 Qh1+ 39. Rd1 Qc6 40. Kb2 Ra7 0-1

[Event "Tatry op"]
[Site "Tatranske Zruby"]
[Date "2011.09.25"]
[Round "1"]
[White "Masak, Pavel"]
[Black "Seelinger, Lorenz"]
[Result "0-1"]
[WhiteElo "2081"]
[BlackElo "2237"]
[PlyCount "70"]
[EventDate "2011.09.25"]
[EventType "swiss"]
[EventRounds "9"]
[EventCountry "SVK"]
[SourceTitle "CBM 144 Extra"]
[Source "ChessBase"]
[SourceDate "2011.10.28"]
[SourceVersion "1"]
[SourceVersionDate "2011.10.28"]
[SourceQuality "1"]

1. c4 e5 2. Nc3 Nc6 3. Nf3 Nf6 4. d3 d6 5. g3 g6 6. Bg2 Bg7 7. 0-0 0-0 8. a3 a5 9. Rb1 h6 10. b4 axb4 11. axb4 Nh5 12. b5 Ne7 13. Bb2 f5 14. Nd2 Kh7 15. Ra1 Rxa1 16. Qxa1 c6 17. Qa7 Re8 18. Rc1 f4 19. Ba3 Nf6 20. Nde4 Nxe4 21. Nxe4 Nf5 22. Nc3 Re7 23. Qa4 fxg3 24. hxg3 c5 25. Bb2 h5 26. e3 Bh6 27. Re1 Rf7 28. Bd5 Rf8 29. Qd1 h4 30. g4 Ne7 31. Bg2 Ng8 32. Bc1 h3 33. Bf1 Qh4 34. f3 Qg3+ 35. Kh1 Bxg4 0-1

[Event "Neumarkt am Wallersee op 10th"]
[Site "Neumarkt am Wallersee"]
[Date "2011.08.27"]
[Round "8"]
[White "Hagmueller, Josef"]
[Black "Seelinger, Lorenz"]
[Result "1/2-1/2"]
[WhiteElo "1833"]
[BlackElo "2237"]
[PlyCount "24"]
[EventDate "2011.08.20"]
[EventType "swiss"]
[EventRounds "9"]
[EventCountry "AUT"]
[SourceTitle "CBM 144 Extra"]
[Source "ChessBase"]
[SourceDate "2011.10.28"]
[SourceVersion "1"]
[SourceVersionDate "2011.10.28"]
[SourceQuality "1"]

1. c4 e5 2. Nc3 Nc6 3. g3 g6 4. Bg2 Bg7 5. b3 d6 6. Bb2 f5 7. d3 Nf6 8. Qd2 0-0 9. 0-0-0 Bd7 10. e3 a6 11. h4 Rb8 12. Nf3 b5 1/2-1/2

[Event "Neumarkt am Wallersee op 10th"]
[Site "Neumarkt am Wallersee"]
[Date "2011.08.21"]
[Round "2"]
[White "Eiter, Meinhart"]
[Black "Seelinger, Lorenz"]
[Result "0-1"]
[WhiteElo "1952"]
[BlackElo "2237"]
[PlyCount "59"]
[EventDate "2011.08.20"]
[EventType "swiss"]
[EventRounds "9"]
[EventCountry "AUT"]
[SourceTitle "CBM 144 Extra"]
[Source "ChessBase"]
[SourceDate "2011.10.28"]
[SourceVersion "1"]
[SourceVersionDate "2011.10.28"]
[SourceQuality "1"]

1. d4 g6 2. e4 Bg7 3. Be3 d6 4. Nc3 c6 5. Bc4 b5 6. Nxb5 d5 7. exd5 cxb5 8. Bxb5+ Bd7 9. Bc4 Nf6 10. f3 Nxd5 11. Bxd5 Qa5+ 12. c3 Qxd5 13. Ne2 0-0 14. h4 Nc6 15. Qd2 e5 16. Bh6 exd4 17. Bxg7 Kxg7 18. h5 g5 19. h6+ Kh8 20. Rh5 f6 21. Kf2 Qf7 22. g4 dxc3 23. Qxc3 Ne5 24. Ng3 Rac8 25. Qd2 Qg6 26. Nf5 Bxf5 27. Rxg5 fxg5 28. Qd4 Qb6 29. Qxb6 axb6 30. gxf5 0-1

[Event "SVK-ch Seniors-A"]
[Site "Tatranske Matliare"]
[Date "2011.05.??"]
[Round "7"]
[White "Seelinger, Lorenz"]
[Black "Brestak, Jan"]
[Result "1-0"]
[WhiteElo "2228"]
[BlackElo "2197"]
[PlyCount "147"]
[EventDate "2011.05.27"]
[EventType "swiss"]
[EventRounds "9"]
[EventCountry "SVK"]
[SourceTitle "EXT 2023"]
[Source "ChessBase"]
[SourceDate "2022.10.05"]
[SourceVersion "1"]
[SourceVersionDate "2022.10.05"]
[SourceQuality "1"]

1. e4 e5 2. Nf3 Nc6 3. Bb5 f5 4. Nc3 Nf6 5. exf5 e4 6. Ng5 d5 7. d3 h6 8. Ne6 Bxe6 9. fxe6 Qd6 10. 0-0 0-0-0 11. dxe4 d4 12. Nd5 Qxe6 13. Nxf6 gxf6 14. Qe2 h5 15. Bc4 Qg4 16. Qxg4+ hxg4 17. Be6+ Kb8 18. Bxg4 Bd6 19. g3 Rde8 20. Bf5 Nb4 21. c3 Nc2 22. Rb1 dxc3 23. bxc3 Na3 24. Rb3 Nc4 25. Kg2 Re5 26. f4 Ra5 27. Rf2 Re8 28. h4 Bc5 29. Re2 Bf8 30. Bd7 Rd8 31. Be6 Rd1 32. Bxc4 Rxc1 33. e5 fxe5 34. fxe5 b6 35. e6 Be7 36. Bb5 a6 37. Bd7 Rc5 38. Rf2 Bd6 39. Rf7 Re1 40. c4 Rxc4 41. Rd3 Bc5 42. Bc6 b5 43. Bd5 Rc2+ 44. Kh3 a5 45. h5 Re5 46. Kg4 Rh2 47. Rh7 a4 48. h6 b4 49. Rh8+ Ka7 50. h7 Reh5 51. Be4 Rh6 52. Rdd8 Ka6 53. Ra8+ Kb5 54. Bd3+ Kc6 55. Rhe8 Rxh7 56. Bxh7 Rxh7 57. Rxa4 Bd6 58. Rg8 Kd5 59. Rg6 c5 60. Ra6 Be7 61. Kf3 c4 62. Ra5+ Kd4 63. Rg4+ Kc3 64. Re4 Rh8 65. Ra7 Rf8+ 66. Rf4 Re8 67. Rc7 Kb2 68. Rcxc4 Kxa2 69. Rxb4 Bxb4 70. Rxb4 Rxe6 71. g4 Ka3 72. Rb7 Rf6+ 73. Ke4 Rf7 74. Rxf7 1-0

[Event "SVK-ch Seniors-A"]
[Site "Tatranske Matliare"]
[Date "2011.05.??"]
[Round "4"]
[White "Tepper, Frantisek"]
[Black "Seelinger, Lorenz"]
[Result "1/2-1/2"]
[WhiteElo "2158"]
[BlackElo "2228"]
[PlyCount "60"]
[EventDate "2011.05.27"]
[EventType "swiss"]
[EventRounds "9"]
[EventCountry "SVK"]
[SourceTitle "EXT 2023"]
[Source "ChessBase"]
[SourceDate "2022.10.05"]
[SourceVersion "1"]
[SourceVersionDate "2022.10.05"]
[SourceQuality "1"]

1. c4 Nf6 2. Nc3 g6 3. g3 c6 4. Bg2 Bg7 5. e4 d6 6. Nge2 0-0 7. d4 Nbd7 8. 0-0 e5 9. d5 cxd5 10. cxd5 b6 11. h3 Ne8 12. Be3 f5 13. exf5 gxf5 14. f4 Ba6 15. Rf2 Nc5 16. Bxc5 bxc5 17. fxe5 Bxe5 18. Qc2 Qg5 19. Rf3 Ng7 20. Nf4 Rab8 21. Rb1 Rb4 22. a3 Rb6 23. Nce2 Bxe2 24. Qxe2 Re8 25. Qc2 Bd4+ 26. Kh2 Re3 27. Rxe3 Bxe3 28. Ne6 Nxe6 29. dxe6 f4 30. g4 Kg7 1/2-1/2

[Event "SVK-chT 1011"]
[Site "Slovakia"]
[Date "2011.01.16"]
[Round "4.6"]
[White "Seelinger, Lorenz"]
[Black "Kovacik, Emil"]
[Result "1-0"]
[WhiteElo "2224"]
[BlackElo "2232"]
[PlyCount "59"]
[EventDate "2010.11.27"]
[EventType "team-tourn"]
[EventRounds "11"]
[EventCountry "SVK"]
[SourceTitle "EXT 2012"]
[Source "ChessBase"]
[SourceDate "2011.11.24"]
[SourceVersion "1"]
[SourceVersionDate "2011.11.24"]
[SourceQuality "1"]
[WhiteTeam "Kezmarok"]
[BlackTeam "Dubnica nad Vahom"]
[WhiteTeamCountry "SVK"]
[BlackTeamCountry "SVK"]

1. e4 e6 2. d4 d5 3. Nc3 Nf6 4. e5 Nfd7 5. f4 c5 6. Nf3 Nc6 7. Be3 a6 8. Qd2 b5 9. a3 Qb6 10. Ne2 b4 11. axb4 Qxb4 12. Qxb4 Nxb4 13. Kd2 Nc6 14. c3 Bb7 15. dxc5 Bxc5 16. Ned4 Nxd4 17. Nxd4 Ke7 18. Bd3 h5 19. Ra2 Rhc8 20. Rha1 Nb8 21. b4 Ba7 22. b5 Nd7 23. bxa6 Bc6 24. Rb1 Ke8 25. Rab2 Nc5 26. Nxc6 Nxd3 27. Nxa7 Nxb2 28. Nxc8 Nc4+ 29. Kd3 Rxc8 30. a7 1-0

[Event "SVK-ch Seniors-A"]
[Site "Tatranske Matliare"]
[Date "2010.06.??"]
[Round "7"]
[White "Seelinger, Lorenz"]
[Black "Banas, Jan"]
[Result "1/2-1/2"]
[WhiteElo "2215"]
[BlackElo "2313"]
[PlyCount "38"]
[EventDate "2010.06.06"]
[EventType "swiss"]
[EventRounds "9"]
[EventCountry "SVK"]
[SourceTitle "EXT 2023"]
[Source "ChessBase"]
[SourceDate "2022.10.05"]
[SourceVersion "1"]
[SourceVersionDate "2022.10.05"]
[SourceQuality "1"]

1. e4 c5 2. Nf3 d6 3. d4 cxd4 4. Nxd4 Nf6 5. Nc3 Nc6 6. Bc4 Na5 7. Bd3 g6 8. h3 Bg7 9. Be3 0-0 10. 0-0 Nc6 11. Nxc6 bxc6 12. f4 Nd7 13. Qd2 Nb6 14. Rad1 Be6 15. b3 c5 16. f5 Bd7 17. fxg6 hxg6 18. Nd5 Bc6 19. c4 Nd7 1/2-1/2

[Event "SVK-chT2D 0910"]
[Site "Slovakia"]
[Date "2010.01.10"]
[Round "7.3"]
[White "Seelinger, Lorenz"]
[Black "Najgebauer, Szemjon"]
[Result "1/2-1/2"]
[WhiteElo "2208"]
[BlackElo "2182"]
[PlyCount "81"]
[EventDate "2009.10.10"]
[EventType "team"]
[EventRounds "11"]
[EventCountry "SVK"]
[SourceTitle "EXT 2011"]
[Source "ChessBase"]
[SourceDate "2010.11.26"]
[SourceVersion "1"]
[SourceVersionDate "2010.11.26"]
[SourceQuality "1"]
[WhiteTeam "Kezmarok II"]
[BlackTeam "Kosice Slavia IV"]
[WhiteTeamCountry "SVK"]
[BlackTeamCountry "SVK"]

1. e4 c5 2. Nf3 Nc6 3. d4 cxd4 4. Nxd4 Nf6 5. Nc3 e5 6. Ndb5 d6 7. Bg5 a6 8. Na3 b5 9. Nd5 Be7 10. Nxe7 Nxe7 11. Bd3 Nd7 12. c4 b4 13. Nc2 f6 14. Bd2 a5 15. Ne3 Nc5 16. Bc2 0-0 17. a3 Rb8 18. axb4 axb4 19. 0-0 Qb6 20. Kh1 Bb7 21. Qg4 Bc8 22. Qg3 f5 23. exf5 Bxf5 24. Nxf5 Nxf5 25. Qh3 g6 26. Bd1 Ne4 27. Be1 Ne3 28. Rg1 Nxd1 29. Rxd1 Rxf2 30. Qe6+ Kh8 31. Rxd6 Qxd6 32. Qxd6 Nxd6 33. Bxf2 Nxc4 34. Bg3 Re8 35. Re1 e4 36. b3 Nd2 37. Bd6 Nxb3 38. Bxb4 Kg8 39. Kg1 e3 40. Kf1 Nd4 41. Bc5 1/2-1/2

[Event "SVK-chT 0809"]
[Site "Slovakia"]
[Date "2009.03.15"]
[Round "11"]
[White "Seelinger, Lorenz"]
[Black "Tibensky, Robert"]
[Result "0-1"]
[WhiteElo "2240"]
[BlackElo "2391"]
[PlyCount "76"]
[EventDate "2008.10.25"]
[EventType "team-tourn"]
[EventRounds "11"]
[EventCountry "SVK"]
[SourceTitle "EXT 2019"]
[Source "ChessBase"]
[SourceDate "2018.10.10"]
[SourceVersion "1"]
[SourceVersionDate "2018.10.10"]
[SourceQuality "1"]
[WhiteTeam "Kezmarok"]
[BlackTeam "Trencin"]
[WhiteTeamCountry "SVK"]
[BlackTeamCountry "SVK"]

1. e4 e6 2. d4 d5 3. Nc3 Nf6 4. e5 Nfd7 5. Nf3 c5 6. dxc5 Nc6 7. Bf4 Bxc5 8. Bd3 f6 9. exf6 Nxf6 10. 0-0 0-0 11. Qe2 Nh5 12. Bg5 Qc7 13. g3 Qf7 14. Kg2 e5 15. Nxd5 Bg4 16. Be4 Nd4 17. Nxe5 Bxe2 18. Nxf7 Bxf1+ 19. Rxf1 Rxf7 20. b4 Re8 21. Bd3 Ne6 22. Bb5 Rc8 23. Bd2 Nd4 24. Bd3 Bf8 25. c3 Nf3 26. Be3 Ne5 27. Be4 b6 28. h3 Nc4 29. Bc1 Nf6 30. Bf5 Re8 31. Nf4 Rfe7 32. Bd3 Rc7 33. g4 Ne5 34. Bb5 Rec8 35. g5 Ne4 36. Nd5 Rf7 37. f4 Nxc3 38. Nxc3 Rxc3 0-1

[Event "SVK-chT 0809"]
[Site "Slovakia"]
[Date "2009.03.14"]
[Round "10"]
[White "Seelinger, Lorenz"]
[Black "Bazant, Petr Sr"]
[Result "0-1"]
[WhiteElo "2240"]
[BlackElo "2308"]
[PlyCount "56"]
[EventDate "2008.10.25"]
[EventType "team-tourn"]
[EventRounds "11"]
[EventCountry "SVK"]
[SourceTitle "EXT 2019"]
[Source "ChessBase"]
[SourceDate "2018.10.10"]
[SourceVersion "1"]
[SourceVersionDate "2018.10.10"]
[SourceQuality "1"]
[WhiteTeam "Kezmarok"]
[BlackTeam "Dubnica nad Vahom"]
[WhiteTeamCountry "SVK"]
[BlackTeamCountry "SVK"]

1. e4 c5 2. Nf3 Nf6 3. Nc3 Nc6 4. d4 d5 5. exd5 Nxd5 6. Bc4 Nxc3 7. bxc3 e6 8. 0-0 Be7 9. Be3 cxd4 10. cxd4 0-0 11. c3 Qa5 12. Qd3 Qh5 13. Bb5 Bd7 14. Rab1 Bd6 15. c4 Rfd8 16. c5 Bc7 17. Qe2 Rab8 18. h3 Ne7 19. Bg5 Kf8 20. d5 Nxd5 21. Bxd8 Rxd8 22. Qc4 Nf4 23. Bxd7 Rxd7 24. Qe4 f5 25. Qb4 Kf7 26. Rfd1 Re7 27. Kf1 g5 28. Qxb7 g4 0-1

[Event "SVK-chT2D 0708"]
[Site "Slovakia"]
[Date "2008.01.12"]
[Round "7.6"]
[White "Seelinger, Lorenz"]
[Black "Regec, Viliam"]
[Result "1-0"]
[WhiteElo "2242"]
[BlackElo "2210"]
[PlyCount "96"]
[EventDate "2007.10.06"]
[EventType "team-tourn"]
[EventRounds "11"]
[EventCountry "SVK"]
[SourceTitle "EXT 2010"]
[Source "ChessBase"]
[SourceDate "2010.11.25"]
[SourceVersion "1"]
[SourceVersionDate "2010.11.25"]
[SourceQuality "1"]
[WhiteTeam "Kezmarok KdV II"]
[BlackTeam "Gelnica Slovan"]
[WhiteTeamCountry "SVK"]
[BlackTeamCountry "SVK"]

1. e4 e5 2. Nf3 d6 3. d4 Nd7 4. Bc4 c6 5. c3 Qc7 6. 0-0 Nb6 7. Bb3 Bg4 8. a4 Nf6 9. Nbd2 Be7 10. Re1 0-0 11. h3 Bh5 12. Nf1 Rfe8 13. Ng3 Bg6 14. dxe5 dxe5 15. Nh4 Nbd7 16. Ngf5 Bf8 17. Nxg6 hxg6 18. Nh4 Nc5 19. Nxg6 Qb6 20. Bc4 Ne6 21. Nxf8 Kxf8 22. Qd6+ Kg8 23. Qxe5 Nc5 24. a5 Rxe5 25. axb6 a6 26. f3 Ncd7 27. Be3 c5 28. Bf4 Ree8 29. Bc7 Ne5 30. Bf1 Re6 31. Red1 g5 32. Rd2 Nfd7 33. Rd5 f6 34. Rad1 Nxb6 35. Rxc5 Na4 36. Rxe5 fxe5 37. Bc4 Kf7 38. Rd6 Rae8 39. Rxe6 Rxe6 40. b3 Nxc3 41. Bxe5 Nb1 42. Bb2 b5 43. Bxe6+ Kxe6 44. b4 Nd2 45. Bc1 Nc4 46. Bxg5 a5 47. bxa5 b4 48. a6 b3 1-0

[Event "SVK-chT 0708"]
[Site "Slovakia"]
[Date "2007.10.20"]
[Round "1"]
[White "Seelinger, Lorenz"]
[Black "Magyar, Andras"]
[Result "1/2-1/2"]
[WhiteElo "2242"]
[BlackElo "2245"]
[PlyCount "84"]
[EventDate "2007.10.20"]
[EventType "team-tourn"]
[EventRounds "11"]
[EventCountry "SVK"]
[SourceTitle "EXT 2019"]
[Source "ChessBase"]
[SourceDate "2018.10.10"]
[SourceVersion "1"]
[SourceVersionDate "2018.10.10"]
[SourceQuality "1"]
[WhiteTeam "Kezmarok"]
[BlackTeam "Dunajska Streda"]
[WhiteTeamCountry "SVK"]
[BlackTeamCountry "SVK"]

1. e4 c5 2. Nf3 d6 3. d4 Nf6 4. Nc3 cxd4 5. Nxd4 Nc6 6. Bc4 e6 7. Be3 a6 8. Qe2 Qc7 9. Bb3 Na5 10. 0-0-0 b5 11. Kb1 Rb8 12. f3 Be7 13. g4 b4 14. Na4 0-0 15. g5 Nd7 16. h4 Nc5 17. g6 Naxb3 18. gxh7+ Kh8 19. cxb3 e5 20. Nf5 Bxf5 21. Nxc5 dxc5 22. exf5 Qc6 23. Bg5 f6 24. Bc1 Rbd8 25. h5 Rxd1 26. Rxd1 Qc8 27. Qe4 Rd8 28. Rxd8+ Qxd8 29. h6 gxh6 30. Qg4 Kxh7 31. Qg6+ Kh8 32. Qxh6+ Kg8 33. Qg6+ Kh8 34. Qh6+ Kg8 35. Qg6+ Kh8 36. Kc2 Bf8 37. Qf7 Bg7 38. Be3 Qa8 39. Qh5+ Kg8 40. Qg4 Qc8 41. Qc4+ Kh7 42. Bxc5 Qc6 1/2-1/2

[Event "SVK-chT1E 0607"]
[Site "Slovakia"]
[Date "2007.03.24"]
[Round "10.1"]
[White "Seelinger, Lorenz"]
[Black "Horsak, Jan"]
[Result "1-0"]
[WhiteElo "2229"]
[BlackElo "1971"]
[PlyCount "61"]
[EventDate "2006.10.07"]
[EventType "team-tourn"]
[EventRounds "11"]
[EventCountry "SVK"]
[SourceTitle "EXT 2008"]
[Source "ChessBase"]
[SourceDate "2007.11.25"]
[SourceVersion "1"]
[SourceVersionDate "2007.11.25"]
[SourceQuality "1"]
[WhiteTeam "Kezmarok KdV"]
[BlackTeam "Teplice Slovan Rajecke"]
[WhiteTeamCountry "SVK"]
[BlackTeamCountry "SVK"]

1. e4 g6 2. d4 Bg7 3. Nc3 d6 4. f4 e6 5. Nf3 Ne7 6. Be3 0-0 7. Qd2 b6 8. 0-0-0 Bb7 9. h4 d5 10. e5 h5 11. Nh2 Nf5 12. Bf2 Nd7 13. g4 hxg4 14. Nxg4 c5 15. h5 cxd4 16. Bxd4 Ng3 17. h6 Nxh1 18. Qh2 Bxe5 19. h7+ Kh8 20. Nxe5 Nxe5 21. Bxe5+ f6 22. Bd4 Qc7 23. Bh3 Rae8 24. Rxh1 g5 25. Re1 Bc8 26. Nxd5 Qd8 27. Nxf6 Qxd4 28. Nxe8 gxf4 29. Nc7 f3 30. Qe5+ Qxe5 31. Rxe5 1-0

[Event "SVK-chT1E 0607"]
[Site "Slovakia"]
[Date "2007.02.11"]
[Round "9.3"]
[White "Seelinger, Lorenz"]
[Black "Krajnik, Richard"]
[Result "1-0"]
[WhiteElo "2229"]
[BlackElo "1892"]
[PlyCount "73"]
[EventDate "2006.10.07"]
[EventType "team-tourn"]
[EventRounds "11"]
[EventCountry "SVK"]
[SourceTitle "EXT 2008"]
[Source "ChessBase"]
[SourceDate "2007.11.25"]
[SourceVersion "1"]
[SourceVersionDate "2007.11.25"]
[SourceQuality "1"]
[WhiteTeam "Kezmarok KdV"]
[BlackTeam "Kosice Slavia UPJS II"]
[WhiteTeamCountry "SVK"]
[BlackTeamCountry "SVK"]

1. e4 e6 2. d4 c5 3. Nf3 Qc7 4. Nc3 a6 5. g3 cxd4 6. Nxd4 Nf6 7. Bg2 Nc6 8. Be3 Ne5 9. 0-0 Be7 10. h3 d6 11. f4 Ng6 12. Qe2 0-0 13. g4 Nh4 14. Bh1 e5 15. Nf5 Nxf5 16. exf5 exf4 17. Rxf4 h6 18. h4 d5 19. g5 Bd6 20. Rf2 Bg3 21. gxf6 Qe5 22. Qg4 Bxf2+ 23. Bxf2 g6 24. Nxd5 Kh8 25. Bd4 Qxf5 26. Qxf5 Bxf5 27. Ne3 Bc8 28. Kf2 a5 29. Bd5 Ra6 30. c4 a4 31. Rg1 Kh7 32. h5 Kh8 33. Bc5 Kg8 34. Rxg6+ Kh8 35. Rxh6+ Kg8 36. Bxf8 Be6 37. Bg7 1-0

[Event "SVK-chT1E 0607"]
[Site "Slovakia"]
[Date "2007.01.14"]
[Round "7.4"]
[White "Seelinger, Lorenz"]
[Black "Kovalsky, Vladimir"]
[Result "1/2-1/2"]
[WhiteElo "2229"]
[BlackElo "2024"]
[PlyCount "177"]
[EventDate "2006.10.07"]
[EventType "team-tourn"]
[EventRounds "11"]
[EventCountry "SVK"]
[SourceTitle "EXT 2008"]
[Source "ChessBase"]
[SourceDate "2007.11.25"]
[SourceVersion "1"]
[SourceVersionDate "2007.11.25"]
[SourceQuality "1"]
[WhiteTeam "Kezmarok KdV"]
[BlackTeam "Margecany OSK"]
[WhiteTeamCountry "SVK"]
[BlackTeamCountry "SVK"]

1. e4 e5 2. Nf3 Nf6 3. d4 exd4 4. e5 Ne4 5. Qxd4 d5 6. exd6 Nxd6 7. Bd3 Nc6 8. Qf4 Be7 9. 0-0 0-0 10. Nc3 Be6 11. Rd1 Bf6 12. Ne4 Nxe4 13. Qxe4 g6 14. Bh6 Re8 15. Bb5 Qe7 16. Bxc6 bxc6 17. Qxc6 Bxb2 18. Rab1 Bg7 19. Bxg7 Kxg7 20. Rb7 Rad8 21. Re1 Bxa2 22. Qc3+ Qf6 23. Qxf6+ Kxf6 24. Rxe8 Rxe8 25. Rxa7 Bd5 26. Rxc7 Bxf3 27. gxf3 Re1+ 28. Kg2 h5 29. f4 Ke6 30. c4 Rc1 31. Kg3 Rc3+ 32. f3 f6 33. Rc6+ Kf5 34. Rc5+ Ke6 35. Rc8 Rc1 36. Rc6+ Kf5 37. Rc5+ Ke6 38. Kh4 Rc3 39. Kg3 Rc2 40. h3 Rc3 41. f5+ gxf5 42. Kf4 Kd6 43. Rc8 Kd7 44. Rh8 Ke6 45. Re8+ Kd7 46. Re3 Rxc4+ 47. Kxf5 Rd4 48. f4 Rc4 49. h4 Rd4 50. Rg3 Ke7 51. Rg7+ Kf8 52. Rh7 Kg8 53. Rh6 Kg7 54. Rg6+ Kh7 55. Rxf6 Rd5+ 56. Ke6 Ra5 57. Rf5 Ra6+ 58. Kf7 Ra7+ 59. Kf6 Kh6 60. Re5 Ra4 61. Kf5 Ra1 62. Re6+ Kg7 63. Kg5 Kf7 64. Rb6 Rf1 65. Rh6 Rg1+ 66. Kf5 Kg7 67. Rxh5 Re1 68. Rg5+ Kh6 69. Rg8 Ra1 70. Re8 Rh1 71. Kf6 Kh5 72. f5 Rf1 73. Re4 Kh6 74. Ke6 Kg7 75. Rg4+ Kf8 76. Kf6 Ra1 77. Rb4 Ra6+ 78. Kg5 Ra1 79. h5 Rg1+ 80. Kf6 Kg8 81. Rb7 Ra1 82. h6 Ra6+ 83. Kg5 Ra1 84. h7+ Kh8 85. f6 Rg1+ 86. Kf5 Rf1+ 87. Ke5 Rf5+ 88. Ke6 Rxf6+ 89. Kxf6 1/2-1/2